Normal view MARC view
  • Clothing construction

Entry Topical Term

Number of records used in: 1

001 - CONTROL NUMBER

  • control field: 217822

003 - CONTROL NUMBER IDENTIFIER

  • control field: OSt

005 - DATE AND TIME OF LATEST TRANSACTION

  • control field: 20260516152402.0

008 - FIXED-LENGTH DATA ELEMENTS

  • fixed length control field: 260516|| aca||aabn | a|a d

040 ## - CATALOGING SOURCE

  • Original cataloging agency: OSt
  • Transcribing agency: OSt

150 ## - HEADING--TOPICAL TERM

  • Topical term or geographic name entry element: Clothing construction

670 ## - SOURCE DATA FOUND

  • Source citation: Work cat.: (OSt)370881: Armstrong,Helen 217639, Patternmaking For Fashion Design 5Th Edition